<?xml version="1.0" encoding="UTF-8"?>
<marc:record xmlns:marc="http://www.loc.gov/MARC21/slim">
   <marc:leader>00000nam a2200000 a 4500</marc:leader>
   <marc:datafield ind1="0" ind2="0" tag="245">
      <marc:subfield code="a">Honba za motýľmi</marc:subfield>
   </marc:datafield>
   <marc:datafield ind1="0" ind2="0" tag="245">
      <marc:subfield code="b">Miracuous. Čarovná lienka a Čierny kocúr</marc:subfield>
   </marc:datafield>
   <marc:datafield ind1=" " ind2="1" tag="264">
      <marc:subfield code="a">Praha</marc:subfield>
      <marc:subfield code="b">Egmont</marc:subfield>
      <marc:subfield code="c">2022</marc:subfield>
   </marc:datafield>
   <marc:datafield ind1="1" ind2=" " tag="520">
      <marc:subfield code="a">Čarovná Lienka a Čierny Kocúr pokračujú v boji proti super zloduchom, ktorých stvorili akumovia, zlovestné motýle zákerného Lišaja. Medzi bojom a plnením si školských povinností čelia naši hrdinovia pomocou mirákul novým nepriateľom. A hoci to nikto netuší, ochrancovia dobra sú v skutočnom živote Marinette a Adrien, dvaja celkom obyčajní žiaci základnej školy.</marc:subfield>
   </marc:datafield>
   <marc:datafield ind1=" " ind2=" " tag="020">
      <marc:subfield code="a">9788025252659</marc:subfield>
      <marc:subfield code="9">9788025252659</marc:subfield>
   </marc:datafield>
   <marc:datafield ind1=" " ind2=" " tag="338">
      <marc:subfield code="a">Band</marc:subfield>
   </marc:datafield>
   <marc:datafield ind1=" " ind2=" " tag="300">
      <marc:subfield code="a">64 S.</marc:subfield>
   </marc:datafield>
</marc:record>
